Best Novels Written in English - Statistics

General Stats
  • This quiz has been taken 141 times
  • The average score is 39 of 100
Answer Stats
Author Novel % Correct
Mary Shelley Frankenstein
95%
Emily Bronte Wuthering Heights
87%
Jonathan Swift Gulliver's Travels
86%
Daniel Defoe Robinson Crusoe
83%
Jane Austen Emma
82%
Louisa May Alcott Little Women
82%
Herman Melville Moby Dick
82%
George Orwell Nineteen Eighty Four
80%
Bram Stoker Dracula
79%
Harper Lee To Kill a Mockingbird
79%
Lewis Carrol Alice's Adventures in Wonderland
78%
Vladimir Nabokov Lolita
71%
Charlotte Bronte Jane Eyre
70%
F Scott Fitzgerald The Great Gatsby
70%
Joseph Heller Catch 22
68%
JD Salinger The Catcher in the Rye
67%
James Joyce Ulysses
67%
Aldous Huxley Brave New World
66%
Joseph Conrad Heart of Darkness
66%
Jack Kerouac On the Road
66%
Sylvia Plath The Bell Jar
64%
Jack London The Call of the Wild
64%
John Steinbeck The Grapes of Wrath
64%
William Golding Lord of the Flies
63%
John Bunyan The Pilgrim's Progress
63%
Nathaniel Hawthorne The Scarlet Letter
63%
Charles Dickens David Copperfield
62%
George Eliot Middlemarch
62%
Anthony Burgess A Clockwork Orange
61%
Oscar Wilde The Picture of Dorian Gray
61%
Virginia Woolf Mrs Dalloway
59%
William Thackeray Vanity Fair
59%
Rudyard Kipling Kim
54%
Salman Rushdie Midnight's Children
54%
Truman Capote In Cold Blood
53%
Henry Fielding Tom Jones
53%
Laurence Sterne Tristram Shandy
51%
Mark Twain The Adventures of Huckleberry Finn
50%
EM Forster A Passage to India
49%
Kenneth Grahame The Wind in the Willows
49%
Ernest Hemingway The Sun Also Rises
46%
Thomas Hardy Jude the Obscure
43%
Jerome K Jerome Three Men in a Boat
41%
Dashiell Hammett The Maltese Falcon
39%
William Faulkner As I Lay Dying
38%
Edith Wharton The Age of Innocence
37%
Wilkie Collins The Moonstone
37%
Robert Penn Warren All the King's Men
36%
Muriel Spark The Prime of Miss Jean Brodie
36%
Henry Miller Tropic of Cancer
36%
Samuel Richardson Clarissa
34%
Stephen Crane The Red Badge of Courage
34%
Robert Louis Stevenson Kidnapped
33%
Raymond Chandler The Big Sleep
33%
DH Lawrence The Rainbow
32%
Malcolm Lowry Under the Volcano
32%
Theodore Dresier Sister Carrie
30%
W Somerset Maugham Of Human Bondage
29%
Stella Gibbons Cold Comfort Farm
28%
Phillip Roth Portnoy's Complaint
26%
Benjamin Disraeli Sybil
26%
John Buchan The Thirty-Nine Steps
26%
Doris Lessing The Golden Notebook
25%
Toni Morrison Song of Solomon
24%
Henry James The Golden Bowl
24%
Ford Madox Ford The Good Soldier
24%
Flann O'Brien At Swim-Two Birds
22%
Evelyn Waugh Scoop
22%
Saul Bellow The Adventures of Augie March
21%
VS Naipaul A Bend in the River
20%
Anthony Trollope The Way We Live Now
17%
JM Coetzee Disgrace
16%
Marilynne Robinson Housekeeping
16%
Max Beerbohm Zuleika Dobson
16%
Sinclair Lewis Babbitt
14%
George Gissing New Grub Street
14%
Thomas Love Peacock Nightmare Abbey
13%
Kazuo Ishiguro An Artist of the Floating World
12%
Underworld Don DeLillo
12%
Anita Loos Gentlemen Prefer Blondes
12%
John Updike Rabbit Redux
12%
Arthur Conan Doyle The Sign of Four
12%
Graham Greene The End of the Affair
11%
Sylvia Townsend Warner Lolly Willowes
9%
Elizabeth Taylor Mrs Palfrey at the Claremont
9%
Edgar Allen Poe The Narrative of Arthur Gordon Pym of Nantucket
9%
Patrick White Voss
9%
Samuel Beckett Murphy
8%
John McGahern Amongst Women
7%
Anne Tyler Breathing Lessons
7%
Frederick Rolfe Hadrian the Seventh
7%
Elizabeth Bowen The Heat of the Day
7%
HG Wells The History of Mr Polly
7%
Peter Carey True History of the Kelly Gang
7%
Christopher Isherwood A Single Man
5%
Martin Amis Money: A Suicide Note
5%
Henry Green Party Going
5%
Penelope Fitzgerald The Beginning of Spring
4%
P.G. Wodehouse Joy in the Morning
3%
John Dos Passos Nineteen Nineteen
3%
No matching quizzes found
Score Distribution
Percent of People with Each Score
Percentile by Number Answered
Your Score History
You have not taken this quiz